[Event "World Senior Teams +50"]
[Site "Radebeul GER"]
[Date "2016.07.04"]
[Round "9.28"]
[Board "3"]
[White "Eiselt, Peter"]
[Black "Hilbert, Stephan-Joerg"]
[Result "1/2-1/2"]
[WhiteElo "2012"]
[BlackElo "1839"]
[WhiteTeam "TuS Coswig 1920"]
[BlackTeam "SG Gera/ Meuselwitz"]
[WhiteFideId "24638161"]
[BlackFideId "12904244"]
[EventDate "2016.06.26"]

1. c4 b6 2. d4 Nf6 3. Nc3 e6 4. e4 Bb4 5. Bd3 Bb7 6. f3 O-O 7. Ne2 Be7 8. O-O d6
9. Qc2 Nbd7 10. Bg5 a6 11. Rae1 e5 12. f4 Ng4 13. Bxe7 Qxe7 14. Qd2 c6 15. h3
Nh6 16. Bc2 Rad8 17. Rd1 f5 18. fxe5 dxe5 19. exf5 Nf6 20. Qe3 Nd7 21. dxe5 Qxe5
22. Qxe5 Nxe5 23. b3 Rde8 24. Nd4 Bc8 25. g4 Nhf7 26. Kg2 Ng5 27. Kg3 h6 28.
Rfe1 g6 29. h4 Nh7 30. fxg6 Nf6 31. Bf5 Nfxg4 32. Bxc8 Rxc8 33. Rf1 h5 34. Nf5
Nxg6 35. Rd7 Rxf5 36. Rxf5 Ne3 37. Rff7 Ne5 38. Rg7+ Kh8 39. Rge7 Nxd7 1/2-1/2